The Brave : Param Vir Chakra Stories / (Record no. 383)

000 -LEADER
fixed length control field 00549nam a2200169Ia 4500
008 - FIXED-LENGTH DATA ELEMENTS--GENERAL INFORMATION
fixed length control field 190805s9999||||xx |||||||||||||| ||und||
020 ## - INTERNATIONAL STANDARD BOOK NUMBER
International Standard Book Number 9780143422358
Terms of availability Rs. 250.00
082 04 - DEWEY DECIMAL CLASSIFICATION NUMBER
Classification number 355.13420954
Item number R198
100 1# - MAIN ENTRY--PERSONAL NAME
Personal name Rawat, Rachna Bisht
245 14 - TITLE STATEMENT
Title The Brave : Param Vir Chakra Stories /
260 ## - PUBLICATION, DISTRIBUTION, ETC. (IMPRINT)
Place of publication, distribution, etc Gurgaon :
Name of publisher, distributor, etc Penguin Books India Pvt. Ltd,
Date of publication, distribution, etc 2014
300 ## - PHYSICAL DESCRIPTION
Extent xi, 283 p.
Other physical details : ill.
Dimensions ; 20 cm.
650 #0 - SUBJECT ADDED ENTRY--TOPICAL TERM
Topical term or geographic name as entry element Param vir chakra
700 1# - ADDED ENTRY--PERSONAL NAME
Personal name Rishi Kumar
852 ## - LOCATION/CALL NUMBER
Location
942 ## - ADDED ENTRY ELEMENTS (KOHA)
Item type Books
Holdings
Withdrawn status Lost status Damaged status Not for loan Collection code Date acquired Date last seen Koha item type Permanent location Current location Shelving location Source of acquisition Cost, normal purchase price Total Checkouts Full call number Barcode Date last borrowed Public note
        Non-fiction 2019-08-05 2019-08-05 Books                    
        Non-fiction 2019-01-10 2023-10-10 Books IMU Kochi Library IMU Kochi Library Fiction & General Green Books 250.00 5 355.13420954 R198 BK005542 2023-10-10 Shelf-18, Row-3


Copyright © All Rights Reserved by Indian Maritime University, Kochi Campus.
For any Suggestions/Query Contact to library or Email: library.kochi@imu.ac.in Ph:(0484)-2989402
(Web OPAC Designed by Rudra Ranjan. Maintained by IMU Kochi Library)

Powered by Koha